000 01267nam0a2200313 4500
001 RU\NLR\bibl\1089644
005 20260409064130.0
010 _a978-5-377-00445-5
_95000
021 _aRU
_b2007-25228
_91335
035 _a(NLR Aleph) 001076788
090 _a1033268
_c1033268
100 _a20070522d2007 |||y0rusy50 ca
101 0 _arus
102 _aRU
105 _ay |||||||||
200 1 _aВоздушный кодекс Российской Федерации
_eофициальный текст, действующая редакция
210 _aМосква
_cЭкзамен
_d2007
215 _a63 с.
_d20
225 1 _aСерия "Кодексы и законы"
225 1 _aНовый
604 _171001$aРоссийская Федерация
_150011$aВоздушный кодекс$2nlr_sh2$3RU\NLR\AUTH\661261620
_aРоссийская Федерация
_tВоздушный кодекс
_92085501
_3RU\NLR\AUTH\661261620
686 _aХ621.145.5-324.9(2Р)
740 1 _aРоссийская Федерация
_tЗаконы
_iВоздушный кодекс
_3RU\NLR\AUTH\880379502
_9425403
801 0 _aRU
_bNLR
_c20070522
_gRCR
801 1 _aRU
_bNLR
_c20070522
942 _cBOOK
980 _aNB